000 00837cam a22002651 4500
001 sa 68003104
003 DLC
005 20260227112449.0
008 890602s1963 ii a 000 0 hino
010 _asa 68003104
035 _a(OCoLC)19806579
040 _aDLC
_cWaU
_dNRU
_dDLC
042 _apremarc
043 _aa-ii---
_aa-cc---
050 0 0 _aPK2057
_b.S83
100 1 _aŚukla, Vijayanārāyaṇa.
245 1 0 _aVatana kī āvāza;
_bojasvī kavitāoṃ kā saṅkalana.
_cVijayanārāyaṇa Śukla aura Vimalā Prabhākara dvārā sampādita.
250 _a[1. saṃskaraṇa]
260 _aJayapura,
_bInḍiyana Ārṭa Pablikeśana
_c[1963]
300 _a48 p.
_billus.
_c19 cm.
500 _aIn Hindi.
500 _aPoems.
650 0 _aSino-Indian Border Dispute, 1957-
_vPoetry.
700 1 _aPrabhākara, Vimalā.
999 _c79237
_d79237